Restaurant management

Bibliographic Details
Main Author: Scanlon, Nancy Loman
Format: Book
Published: N.York : Van Nostrand Reinhold , 1993
Subjects:

MARC

LEADER 00000cam a2200000 7i4500
001 0000006820
002 000007348
005 20000330.0
020 |a 0442008341 
090 0 0 |a 647.95068   |b SCA 
100 1 |a Scanlon, Nancy Loman 
245 1 0 |a Restaurant management   |c Nancy Loman Scanlon 
260 |a N.York :   |b Van Nostrand Reinhold ,   |c 1993 
300 |a 260p. ;   |c 24cm. 
650 0 0 |a Restaurant management 
999 |a 039262   |b BUKU   |c PINJAMAN   |e PERPUSTAKAAN KOMUNITI PETALING JAYA